000 00551nam a2200181Ia 4500
003 GCL
008 140319s9999 xx 000 0 ara d
040 _aGCL /
_cGCL
082 0 4 _a150.195
_bا ا
100 1 _aاريك فروم
245 1 0 _aازمة التحليل النفسى /
_cاريك فروم
700 1 _aطلال عتريس
260 _a[S.N] :
_bالمؤسسة الجامعية للدراسات والنشر والتوزيع ،
_c1988
300 _a189 ص
490 _a
650 0 4 _aالتحليل النفسى
942 _2ddc
_cBK
999 _c47669
_d47669